Đại số sơ cấp Tập 2 Đại số sơ cấp
Kiến thức về toán học sơ cấp. Các loại hàm số và đồ thị. Đại cương về phương trình và bất phương trình, phương trình, bất phương trình đại số hữu tỷ, vô tỷ, mũ, lôgarit, lượng giác
Сохранить в:
| Главный автор: | |
|---|---|
| Другие авторы: | , |
| Формат: | |
| Язык: | Vietnamese |
| Опубликовано: |
H.
Giáo dục
1979
|
| Серии: | Sách đại học sư phạm
|
| Предметы: | |
| Метки: |
Добавить метку
Нет меток, Требуется 1-ая метка записи!
|
| Thư viện lưu trữ: | Mạng thư viện Đại học Đà Nẵng |
|---|
| LEADER | 01520nam a2200385 4500 | ||
|---|---|---|---|
| 001 | 000008097 | ||
| 003 | 4278 | ||
| 005 | 20111026071027.0 | ||
| 008 | 111013s1979 viesd | ||
| 041 | 0 | |a vie | |
| 082 | |a 512 |b HO-K | ||
| 100 | 0 | |a Hoàng Kỳ | |
| 245 | 1 | 0 | |a Đại số sơ cấp |c Hoàng Kỳ, Nguyễn Văn Bàng, Nguyễn Đức Thuần |n Tập 2 |p Đại số sơ cấp |
| 260 | |a H. |b Giáo dục |c 1979 | ||
| 300 | |a 288 tr. |c 19 cm | ||
| 490 | |a Sách đại học sư phạm | ||
| 520 | |a Kiến thức về toán học sơ cấp. Các loại hàm số và đồ thị. Đại cương về phương trình và bất phương trình, phương trình, bất phương trình đại số hữu tỷ, vô tỷ, mũ, lôgarit, lượng giác | ||
| 653 | |a Đại số | ||
| 653 | |a Đồ thị | ||
| 653 | |a Bất phương trình | ||
| 653 | |a Hàm số | ||
| 700 | |a Nguyễn Văn Bàng |e Tác giả | ||
| 700 | |a Nguyễn Đức Thuần |e Tác giả | ||
| 773 | |t Đại số sơ cấp |w 4275 | ||
| 910 | |a Đỗ Phú Quý |d 13/10/2011 | ||
| OWN | |a LSP | ||
| AVA | |a UDN50 |b LSP |d 512 HO-K |e unavailable |t Error 5002 Not defined in file expand_doc_bib_avail. |f 2 |g 2 |h N |i 0 |k 1 | ||
| 999 | |a From the UDN01 | ||
| AVA | |a UDN50 |b LSP |d 512 HO-K |e unavailable |t Error 5002 Not defined in file expand_doc_bib_avail. |f 2 |g 2 |h N |i 0 |k 1 | ||
| TYP | |a Monograph | ||
| TYP | |a Printed language | ||
| 980 | |a Mạng thư viện Đại học Đà Nẵng | ||